000 00581nam a2200217Ia 4500
008 160418s9999 xx 000 0 und d
020 _a9719298154
050 _aFIL PN 524
050 _b.T74 2004 c.2
245 2 _aA Treasury of world literature /
245 _cJesus Q. Cruz... [et al]
260 _aMandaluyong:
260 _bBooks atbp. Pub. Corp.,
260 _c2004
300 _a427 pages :
300 _billustrations ;
300 _c23 cm.
650 _aLiterature -- History and criticism.
650 _aLiterature.
650 _xLiterature -- Collections.
999 _c293390
_d293390